Ej, Sobotka Trubadurzy-Z Archiwum Polskiego Beatu vol. 13 (Record n. 99571)

Dettagli MARC
000 -LEADER
fixed length control field 01570njm a2200277Ia 4500
001 - CONTROL NUMBER
control field 59850
003 - CONTROL NUMBER IDENTIFIER
control field IT-RoPAU
005 - DATE AND TIME OF LATEST TRANSACTION
control field 20220918181118.0
008 - FIXED-LENGTH DATA ELEMENTS--GENERAL INFORMATION
fixed length control field 131025s9999 xx 000 0 und d
040 ## - CATALOGING SOURCE
Original cataloging agency IT-RoPAU
040 ## - CATALOGING SOURCE
Transcribing agency IT-RoPAU
041 ## - LANGUAGE CODE
Language code of text/sound track or separate title POLACCO
999 ## - SYSTEM CONTROL NUMBERS (KOHA)
Koha Dewey Subclass [OBSOLETE] SI
100 ## - MAIN ENTRY--PERSONAL NAME
Personal name AA.VV.
9 (RLIN) 794
100 ## - MAIN ENTRY--PERSONAL NAME
Relator term Autore musica
9 (RLIN) 23072
100 ## - MAIN ENTRY--PERSONAL NAME
Miscellaneous information Codice autore musica SPICS: 12000
9 (RLIN) 796
245 ## - TITLE STATEMENT
Title Ej, Sobotka Trubadurzy-Z Archiwum Polskiego Beatu vol. 13
250 ## - EDITION STATEMENT
Edition statement 1a ed.
260 ## - PUBLICATION, DISTRIBUTION, ETC. (IMPRINT)
Place of publication, distribution, etc. POLONIA
260 ## - PUBLICATION, DISTRIBUTION, ETC. (IMPRINT)
Name of publisher, distributor, etc. MUZA
Date of publication, distribution, etc. 1987 [1a Ed.:1969]
300 ## - PHYSICAL DESCRIPTION
Extent DISCO
500 ## - GENERAL NOTE
General note Musica rock, pop. Musica polacca. Canzone polacca.
505 ## - FORMATTED CONTENTS NOTE
Formatted contents note Ej, Sobótka Sobótka (Written By J. Kondratowicz, R. Poznakowski) - Wśród Zielonych Olszyn (Written By J. Kondratowicz, R. Poznakowski) - Tobie I Mnie (Written By J. Kondratowicz, K. Krawczyk) - Dziewczyna I Pejzaż (Written By J. Kondratowicz, S. Kowalewski) - Po Co Ja Za Tobą Biegam (Written By J. Kleyny, R. Poznakowski) - Nie Chcemy Wspomnień (Written By R. Poznakowski, W. Patuszyński) - Dom Mego Dzieciństwa (Written By K. Krawczyk, M. Bellan) - Uśmiechajcie Się Dziewczęta (Written By R. Poznakowski, W. Patuszyński) - Nie Pytaj Mnie W Czyje Włosy Wepnę Gwiazdę (Written By J. Kondratowicz, R. Poznakowski) - Ballada O Dziewczynie (Written By M. Lichtman, M. Bellan) - Tatrzańska Zimowa Baśń (Written By M. Bellan, S. Kowalewski) - Inna Niż Wszystkie (Written By K. Winkler, M. Lichtman)
650 ## - SUBJECT ADDED ENTRY--TOPICAL TERM
Topical term or geographic name as entry element CANZONE POLACCA [DISCHI]
Relator term Codice MATERIA SPICS: 9950
9 (RLIN) 23073
942 ## - ADDED ENTRY ELEMENTS (KOHA)
Koha item type DISCHI
Source of classification or shelving scheme Dewey Decimal Classification
Dati di copia
Withdrawn status Lost status Damaged status Not for loan Home library Current library Date acquired Total Checkouts Full call number Date last seen Price effective from Koha item type Public note
    Buone Condizioni Not For Loan SPICS-MEDIATECA SPICS-MEDIATECA 25/10/2013   59850 25/10/2013 25/10/2013 DISCHI Progr. Ins.: 15659 / N.Vol.: 1 / Copie: 1 - Copia rara: SI / date import: 01.01.2014 - By Epidotti, Trombetti, Vaglietti
CREDITS: SOCIETA' SAN PAOLO Via A.Severo, 58 - ROMA (RM) & PERIODICI SAN PAOLO SRL Via Giotto, 36 MILANO & CISF Via Giotto, 36 MILANO & EDIZIONI SAN PAOLO SRL,  Piazza Soncino, 5 CINISELLO BALSAMO (MI) -- ITALY